Piloti della Piston Cup di Cars 1 - Statistics

Statistiche generali
  • Questo quiz è stato fatto 27 volte
  • Il punteggio medio è 11 su 36
Statistiche sulle risposte
Numero Colore Team Pilota % Corretto
95 🔴🔴🟡 Rust-eze Saetta McQueen
100%
86 🟢🟢🟡 HTB Chick Hicks
92%
43 🔵🟠⚪️ Dinoco Strip Weathers
83%
8 🔴🔴⚫️ Dale Earnhardt Inc. Dale Earnhardt Jr.
54%
63 🟣🟣🟡 Transberry Juice Lee Revkins
42%
28 ⚫️⚫️🟠 Nitroade Aiken Axler
38%
84 ⚪️⚪️⚪️ Apple Mac iCar
38%
52 🟡⚫️⚪️ Leak Less Claude Scruggs
33%
73 🔵🔵🟠 Rev-N-Go Misti Motorkrass
33%
123 🔴🔴⚫️ No Stall Todd Marcus
33%
101 🟤⚪️🟤 Tach-O-Mint Greg Candyman
29%
79 🟣🔵🟣 Retread Haul Inngas
29%
51 🔵⚫️⚪️ Easy Idle Ruby Oaks
29%
33 🔵🔵⚪️ Mood Springs Chuck Armstrong
25%
34 ⚫️🟢⚫️ Trunk Fresh Dirkson D'Agostino
25%
54 🔵🟢🟡 Faux Wheel Drive Johnny Blamer
25%
92 🟢🟠⚪️ Sputter Stop Murray Clutchburn
25%
80 🔵🔴🟡 Gask-its Sage VanDerSpin
25%
64 🟡🟡🔵 RPM Winford Bradford Rutherford
25%
58 🟠🟡⚫️ Octane Gain Billy Oilchanger
21%
93 🔵🟢🔵 Spare Mint Ernie Gearson
21%
70 🔵🟡🔵 Gasprin Floyd Mulvihill
21%
61 🟢⚪️🟢 Vitoline James Cleanair
21%
35 🟣🟡🔴 Shifty Drug Kevin Racingtire
21%
121 🔵🟢⚪️ Clutch Aid Kevin Shiftright
21%
68 🟣🟣🟢 N2O Cola Manny Flywheel
21%
90 🔵⚪️🟠 Bumper Save Ponchy Wipeout
21%
4 🟣⚪️🟡 Tow Cap Rusty Cornfuel
21%
56 🟠🟠🟡 Fiber Fuel Brush Curber
17%
82 🟢🟡🟢 Shiny Wax Darren Leadfoot
17%
84 ⚪️🔴⚫️ Re-Volting Davey Apex
17%
36 🟣⚪️⚪️ Tank Coat Eugene Carbureski
17%
76 🟣⚫️⚪️ Vinyl Toupee Crusty Rotor
13%
117 🔵⚪️🔴 Lil' Torquey Pistons Ralph Carlow
13%
74 🟡⚫️🟡 Sidewall Shine Slider Petrolski
13%
39 🔵⚪️⚪️ View Zeen Ryan Shields
8%
Nessun quiz corrispondente trovato
Distribuzione punteggi
Percentuale di utenti per punteggio
Percentile per numero di risposta
I tuoi punteggi nel tempo
Non hai fatto questo quiz